000 00418nam a2200133Ia 4500
008 230920s9999||||xx |||||||||||||| ||und||
020 _a9780128196755
100 _aBogalecka, Magdalena
245 0 _aConsequences of Maritime Critical Infrastructure Accidents
260 _c2019
_bElsevier
650 _aEnvironmental Science 2019
856 _uhttps://www.sciencedirect.com/science/book/9780128196755
942 _cEB
999 _c315879
_d315879